Atlas en color de las manifestaciones orales del sida / (Registro nro. 10375)

Detalles MARC
000 -LEADER
fixed length control field 01322nam a22003017a 4500
001 - CONTROL NUMBER
control field 00531
003 - CONTROL NUMBER IDENTIFIER
control field DO-SdBNP
005 - DATE AND TIME OF LATEST TRANSACTION
control field 20170915133100.0
007 - PHYSICAL DESCRIPTION FIXED FIELD--GENERAL INFORMATION
fixed length control field 00531
008 - FIXED-LENGTH DATA ELEMENTS--GENERAL INFORMATION
fixed length control field 160613b sp 19909788434522547||||| |||| 00| 0 spa d
020 ## - INTERNATIONAL STANDARD BOOK NUMBER
International Standard Book Number 9788434520547
040 ## - CATALOGING SOURCE
Original cataloging agency BPMSU
Language of cataloging spa
Transcribing agency BPMSU
082 #4 - DEWEY DECIMAL CLASSIFICATION NUMBER
Classification number R 6169792
Item number S587a
100 1# - MAIN ENTRY--PERSONAL NAME
Personal name Silverman , S.
245 10 - TITLE STATEMENT
Title Atlas en color de las manifestaciones orales del sida /
Statement of responsibility, etc. Sol Silverman Jr. ; traducción José M. Alcover González
260 ## - PUBLICATION, DISTRIBUTION, ETC. (IMPRINT)
Place of publication, distribution, etc. Barcelona :
Name of publisher, distributor, etc. Salvat,
Date of publication, distribution, etc. 1990.
300 ## - PHYSICAL DESCRIPTION
Extent viii, 113 p. :
Other physical details il., retrs,
Dimensions 28 cm.
500 ## - GENERAL NOTE
General note Incluye índice alfabético de materias
505 ## - FORMATTED CONTENTS NOTE
Title La naturaleza de la infección por VIH --
-- Manifestaciones orales de la infección por VIH --
-- Infecciones micóticas: candidiasis --
-- Infecciones víricas --
-- Infecciones bacterianas --
-- Procesos malignos asociados al VIH --
-- Otras manifestaciones asociadas al VIH --
-- Presentación de casos --
-- Índice alfabético de materias --
650 #4 - SUBJECT ADDED ENTRY--TOPICAL TERM
Topical term or geographic name as entry element SIDA
Form subdivision ATLAS
650 #4 - SUBJECT ADDED ENTRY--TOPICAL TERM
Topical term or geographic name as entry element INFECCIONES POR VIH
Form subdivision ATLAS
650 #4 - SUBJECT ADDED ENTRY--TOPICAL TERM
Topical term or geographic name as entry element MANIFESTACIONES ORALES DE ENFERMEDADES GENERALES
Form subdivision ATLAS
700 12 - ADDED ENTRY--PERSONAL NAME
Personal name Alcover González, José Mª.,
Relator term tr.
910 ## - USER-OPTION DATA (OCLC)
User-option data Validado. Control de calidad MFF
942 ## - ADDED ENTRY ELEMENTS (KOHA)
Source of classification or shelving scheme Dewey Decimal Classification
Koha item type Libros
945 ## - LOCAL PROCESSING INFORMATION (OCLC)
a Inventariado / 2017 VM
956 ## - LOCAL ELECTRONIC LOCATION AND ACCESS (OCLC)
Host name BTAVÄREZ
Access number 10
Compression information 13062016
Path 00531
Existencias
Withdrawn status Lost status Source of classification or shelving scheme Damaged status Not for loan Collection code Home library Current library Date acquired Source of acquisition Total Checkouts Full call number Barcode Date last seen Price effective from Koha item type
    Dewey Decimal Classification     Colección de Referencia General Biblioteca Pública Metropolitana Salomé Ureña Biblioteca Pública Metropolitana Salomé Ureña 06/13/2016 Donación   R 616.9792 S587a BPMSU16060178 06/13/2016 06/13/2016 Libros